[Event "41st Arco Open 2019"]
[Site "Arco"]
[Date "2019.10.10"]
[Round "7"]
[White "Astengo, Corrado"]
[Black "Bifulco, Michel"]
[Result "0-1"]
[WhiteElo "2105"]
[BlackElo "2261"]
[Annotator "NA"]
[PlyCount "106"]
[EventDate "2019.10.04"]
[EventType "swiss"]
[EventCountry "ITA"]
[SourceTitle "playchess.com"]
[Source "ChessBase"]
[SourceQuality "1"]
[TimeControl "40/5400+30:1800+30"]

1. e4 {[%emt 0:00:30]} e5 {[%emt 0:00:30]} 2. Nf3 {[%emt 0:00:00]} Nc6 {[%emt 0:00:00]} 3. d4 {[%emt 0:00:00]} exd4 {[%emt 0:00:00]} 4. Bc4 {[%emt 0:00:30]} Nf6 {[%emt 0:00:00]} 5. e5 {[%emt 0:00:30]} Ng4 {[%emt 0:00:00]} 6. Qe2 Qe7 {[%emt 0:00:30]} 7. Bf4 {[%emt 0:01:00]} f6 {[%emt 0:00:30]} 8. exf6 Nxf6 $11 {[%emt 0:00:00]} 9. Qxe7+ {[%emt 0:02:00]} Bxe7 10. O-O {[%emt 0:01:30]} d6 {[%emt 0:06:30]} 11. Nbd2 {[%emt 0:05:30]} Bd7 12. Rfe1 {[%emt 0:05:30]} O-O-O {[%emt 0:11:00]} 13. Nb3 {[%emt 0:06:30]} Nh5 {[%emt 0:04:30]} 14. Bg5 {[%emt 0:03:30]} Bxg5 {[%emt 0:01:30]} 15. Nxg5 {[%emt 0:00:30]} Ne5 {[%emt 0:02:30]} 16. Be2 {[%emt 0:01:30]} Nf4 {[%emt 0:01:30]} 17. Nxd4 {[%emt 0:00:30]} h6 {[%emt 0:05:30]} 18. Ne4 {[%emt 0:04:30]} Rhe8 {[%emt 0:00:30]} 19. Bb5 {[%emt 0:06:30]} Bxb5 {[%emt 0:08:30]} 20. Nxb5 d5 {[%emt 0:11:30]} 21. Nd2 {[%emt 0:06:00]} Ng4 {[%emt 0:00:00]} 22. Nf3 {[%emt 0:05:30]} a6 {[%emt 0:29:58]} 23. Nbd4 {[%emt 0:00:30]} g6 24. Rad1 {[%emt 0:05:30]} c5 {[%emt 0:11:10]} 25. Nb3 b6 {[%emt 0:01:52]} 26. h3 {[%emt 0:07:00]} Nf6 {[%emt 0:00:00]} 27. Ne5 {[%emt 0:05:30]} Re7 {[%emt 0:00:46]} 28. Nc6 {[%emt 0:28:19]} Rxe1+ {[%emt 0:00:03]} 29. Rxe1 {[%emt 0:00:00]} Rd6 {[%emt 0:00:40]} 30. Ne5 {[%emt 0:00:00]} Re6 {[%emt 0:00:17]} 31. Nd3 {[%emt 0:00:00]} Rxe1+ {[%emt 0:00:33]} 32. Nxe1 {[%emt 0:00:00]} d4 {[%emt 0:01:58]} 33. f3 Kd7 {[%emt 0:00:55]} 34. h4 {[%emt 0:00:00]} Ke6 {[%emt 0:00:00]} 35. Kf2 {[%emt 0:00:00]} Kd5 {[%emt 0:00:54]} 36. Nd3 {[%emt 0:05:46]} Ne6 {[%emt 0:00:29]} 37. Nd2 {[%emt 0:00:00]} a5 {[%emt 0:00:00]} 38. c4+ {[%emt 0:00:00]} dxc3 {[%emt 0:00:41]} 39. bxc3 {[%emt 0:02:00]} b5 {[%emt 0:01:19]} 40. Ke3 {[%emt 0:00:00]} Nd7 {[%emt 0:00:00]} 41. Nf4+ {[%emt 0:30:11]} Nxf4 {[%emt 0:31:35]} 42. Kxf4 b4 {[%emt 0:00:00]} 43. cxb4 {[%emt 0:00:00]} cxb4 {[%emt 0:00:00]} 44. Ke3 {[%emt 0:00:00]} Nc5 {[%emt 0:00:00]} 45. g4 {[%emt 0:00:00]} a4 {[%emt 0:00:00]} 46. h5 {[%emt 0:00:00]} gxh5 {[%emt 0:00:00]} 47. gxh5 a3 {[%emt 0:00:00]} 48. Nb1 {[%emt 0:00:00]} Ke5 {[%emt 0:00:00]} 49. f4+ {[%emt 0:00:00]} Kf5 {[%emt 0:00:00]} 50. Kf3 {[%emt 0:00:00]} Ne4 51. Ke3 {[%emt 0:00:00]} b3 {[%emt 0:00:33]} 52. Nxa3 bxa2 {[%emt 0:00:03]} 53. Nc2 {[%emt 0:01:08]} Nf6 {[%emt 0:00:00]} 0-1

[Event "41st Arco Open 2019"]
[Site "Arco"]
[Date "2019.10.10"]
[Round "7"]
[White "Tolhuizen, Ludo"]
[Black "Dittmar, Peter"]
[Result "1/2-1/2"]
[WhiteElo "2102"]
[BlackElo "2253"]
[Annotator "NA"]
[PlyCount "52"]
[EventDate "2019.10.04"]
[EventType "swiss"]
[EventCountry "ITA"]
[SourceTitle "playchess.com"]
[Source "ChessBase"]
[SourceQuality "1"]
[TimeControl "40/5400+30:1800+30"]

1. d4 {[%emt 0:00:30]} d5 {[%emt 0:03:30]} 2. Nf3 {[%emt 0:00:30]} c5 {[%emt 0:00:00]} 3. e3 {[%emt 0:00:30]} cxd4 {[%emt 0:00:00]} 4. exd4 {[%emt 0:00:00]} Nf6 {[%emt 0:00:30]} 5. Bf4 {[%emt 0:08:00]} Nc6 {[%emt 0:00:30]} 6. c3 $11 Bg4 {[%emt 0:00:30]} 7. Nbd2 {[%emt 0:04:00]} e6 {[%emt 0:03:30]} 8. Qb3 Qc8 {[%emt 0:01:30]} 9. Bd3 {[%emt 0:09:00]} Be7 {[%emt 0:00:30]} 10. O-O {[%emt 0:03:30]} O-O {[%emt 0:00:30]} 11. Rfe1 {[%emt 0:01:30]} Bh5 12. Ne5 {[%emt 0:05:30]} Nxe5 {[%emt 0:05:00]} 13. Bxe5 {[%emt 0:00:00]} Bg6 {[%emt 0:00:30]} 14. Bxg6 {[%emt 0:06:00]} hxg6 {[%emt 0:00:30]} 15. a4 {[%emt 0:00:30]} Qc6 {[%emt 0:00:30]} 16. Nf3 {[%emt 0:02:30]} Ne4 {[%emt 0:26:30]} 17. Qc2 {[%emt 0:02:30]} Rac8 {[%emt 0:00:00]} 18. Bf4 {[%emt 0:06:30]} Bf6 {[%emt 0:15:00]} 19. Nd2 {[%emt 0:09:30]} Bxd4 {[%emt 0:00:00]} 20. Nxe4 dxe4 {[%emt 0:00:00]} 21. Qxe4 {[%emt 0:07:00]} Qxe4 22. Rxe4 {[%emt 0:00:30]} Bf6 {[%emt 0:02:00]} 23. Rb4 {[%emt 0:08:30]} b6 24. a5 {[%emt 0:00:30]} Bd8 {[%emt 0:02:00]} 25. axb6 {[%emt 0:00:00]} Bxb6 {[%emt 0:00:30]} 26. Rd1 {[%emt 0:05:00]} f6 {[%emt 0:05:30]} 1/2-1/2

[Event "41st Arco Open 2019"]
[Site "Arco"]
[Date "2019.10.10"]
[Round "7"]
[White "Pasti, Aron"]
[Black "Kuhn, Tobias"]
[Result "1/2-1/2"]
[WhiteElo "2099"]
[BlackElo "2234"]
[Annotator "NA"]
[PlyCount "158"]
[EventDate "2019.10.04"]
[EventType "swiss"]
[EventCountry "ITA"]
[SourceTitle "playchess.com"]
[Source "ChessBase"]
[SourceQuality "1"]
[TimeControl "40/5400+30:1800+30"]

1. e4 {[%emt 0:01:30]} c6 {[%emt 0:00:30]} 2. Nf3 {[%emt 0:00:30]} d5 {[%emt 0:00:30]} 3. Nc3 {[%emt 0:00:00]} Bg4 {[%emt 0:00:00]} 4. h3 {[%emt 0:00:00]} Bxf3 {[%emt 0:00:00]} 5. Qxf3 $11 {[%emt 0:00:00]} e6 {[%emt 0:00:30]} 6. d4 dxe4 {[%emt 0:00:30]} 7. Nxe4 {[%emt 0:00:30]} Qxd4 {[%emt 0:00:30]} 8. Bd3 Nd7 {[%emt 0:01:30]} 9. Be3 {[%emt 0:02:00]} Qb4+ {[%emt 0:04:30]} 10. Bd2 {[%emt 0:06:30]} Ne5 {[%emt 0:05:30]} 11. Qg3 {[%emt 0:08:30]} Nxd3+ 12. Qxd3 {[%emt 0:02:30]} Qb6 {[%emt 0:11:00]} 13. O-O-O {[%emt 0:18:30]} Rd8 {[%emt 0:15:30]} 14. Qg3 {[%emt 0:00:00]} Nf6 {[%emt 0:11:30]} 15. Nxf6+ {[%emt 0:00:00]} gxf6 {[%emt 0:00:30]} 16. Be3 {[%emt 0:12:30]} c5 {[%emt 0:03:30]} 17. Rxd8+ {[%emt 0:03:30]} Qxd8 {[%emt 0:00:00]} 18. Rd1 {[%emt 0:01:30]} Qc8 {[%emt 0:00:00]} 19. Qf4 {[%emt 0:02:30]} Be7 {[%emt 0:10:30]} 20. Qa4+ Qc6 {[%emt 0:00:30]} 21. Qxa7 {[%emt 0:00:00]} O-O {[%emt 0:00:30]} 22. Bh6 {[%emt 0:06:30]} Rd8 {[%emt 0:00:00]} 23. Rxd8+ {[%emt 0:00:30]} Bxd8 24. Qb8 {[%emt 0:02:30]} Qc7 {[%emt 0:03:30]} 25. Qxc7 {[%emt 0:00:30]} Bxc7 {[%emt 0:00:00]} 26. g4 {[%emt 0:00:30]} f5 {[%emt 0:00:00]} 27. gxf5 {[%emt 0:00:30]} exf5 {[%emt 0:00:30]} 28. c4 {[%emt 0:10:30]} f6 {[%emt 0:05:30]} 29. Kd2 {[%emt 0:04:08]} Kf7 {[%emt 0:02:30]} 30. Be3 {[%emt 0:04:27]} b6 31. f3 {[%emt 0:01:37]} Ke6 {[%emt 0:05:00]} 32. Kd3 {[%emt 0:02:53]} Kd7 {[%emt 0:10:35]} 33. a3 {[%emt 0:01:44]} Kc6 {[%emt 0:09:18]} 34. Bd2 {[%emt 0:08:04]} Kd7 {[%emt 0:00:00]} 35. b3 {[%emt 0:01:24]} Ke6 {[%emt 0:00:00]} 36. Be3 {[%emt 0:00:30]} f4 {[%emt 0:02:41]} 37. Bf2 {[%emt 0:00:47]} f5 {[%emt 0:00:00]} 38. b4 {[%emt 0:00:28]} Kd6 {[%emt 0:00:58]} 39. Kc3 {[%emt 0:00:41]} Kc6 {[%emt 0:00:00]} 40. Kb3 {[%emt 0:00:24]} Bd8 {[%emt 0:01:19]} 41. Ka4 {[%emt 0:12:48]} Be7 {[%emt 0:00:00]} 42. Be1 {[%emt 0:00:00]} Bd6 {[%emt 0:15:36]} 43. Bc3 {[%emt 0:00:00]} Bc7 {[%emt 0:05:27]} 44. Bf6 {[%emt 0:00:00]} Bd6 {[%emt 0:00:00]} 45. Bg5 {[%emt 0:00:00]} Be5 {[%emt 0:01:24]} 46. Be7 Bc3 {[%emt 0:01:17]} 47. Bf8 {[%emt 0:00:00]} Bd4 {[%emt 0:00:00]} 48. Bh6 {[%emt 0:00:00]} Be5 {[%emt 0:00:13]} 49. h4 Bf6 {[%emt 0:00:30]} 50. h5 {[%emt 0:00:00]} Be5 {[%emt 0:00:30]} 51. Bg5 {[%emt 0:02:35]} Bc7 {[%emt 0:00:06]} 52. Bf6 {[%emt 0:01:39]} Bd6 {[%emt 0:00:00]} 53. Bd8 {[%emt 0:00:47]} Be5 {[%emt 0:01:24]} 54. Kb3 {[%emt 0:13:05]} Bd6 {[%emt 0:00:00]} 55. Kc3 {[%emt 0:00:24]} Bf8 {[%emt 0:04:23]} 56. b5+ {[%emt 0:00:16]} Kb7 {[%emt 0:03:07]} 57. Kd3 {[%emt 0:05:59]} Bg7 {[%emt 0:03:22]} 58. Ke2 {[%emt 0:00:00]} Bc3 {[%emt 0:00:00]} 59. Kf2 {[%emt 0:00:00]} Ba5 {[%emt 0:02:03]} 60. Bg5 {[%emt 0:02:09]} Bd2 {[%emt 0:00:06]} 61. Kg2 {[%emt 0:00:00]} Kc7 {[%emt 0:00:00]} 62. Kh3 {[%emt 0:00:00]} Kd6 {[%emt 0:01:13]} 63. Bd8 {[%emt 0:01:35]} Ba5 {[%emt 0:00:41]} 64. Kh4 {[%emt 0:00:00]} Ke5 {[%emt 0:00:00]} 65. Kg5 {[%emt 0:00:00]} Kd4 {[%emt 0:00:35]} 66. Kh6 {[%emt 0:01:28]} Ke3 {[%emt 0:00:34]} 67. Kxh7 {[%emt 0:00:00]} Kxf3 {[%emt 0:00:00]} 68. Kg6 {[%emt 0:00:19]} Ke4 {[%emt 0:01:36]} 69. h6 {[%emt 0:01:23]} f3 {[%emt 0:00:06]} 70. Bh4 {[%emt 0:00:25]} Bc3 {[%emt 0:00:00]} 71. h7 {[%emt 0:00:25]} Kd3 {[%emt 0:01:23]} 72. Kxf5 {[%emt 0:00:53]} Kxc4 {[%emt 0:00:20]} 73. Ke4 {[%emt 0:00:00]} Kxb5 {[%emt 0:00:00]} 74. Kxf3 {[%emt 0:00:00]} Bh8 {[%emt 0:01:04]} 75. Ke4 {[%emt 0:01:24]} c4 {[%emt 0:00:20]} 76. Bf2 {[%emt 0:00:41]} c3 {[%emt 0:00:35]} 77. Kd3 {[%emt 0:00:24]} Ka4 {[%emt 0:00:28]} 78. Kc2 {[%emt 0:00:18]} Kxa3 {[%emt 0:00:20]} 79. Bxb6 {[%emt 0:00:23]} Kb4 {[%emt 0:00:30]} 1/2-1/2

[Event "41st Arco Open 2019"]
[Site "Arco"]
[Date "2019.10.10"]
[Round "7"]
[White "Modena, Giorgio"]
[Black "Vezzosi, Paolo"]
[Result "0-1"]
[WhiteElo "1820"]
[BlackElo "2235"]
[Annotator "NA"]
[PlyCount "108"]
[EventDate "2019.10.04"]
[EventType "swiss"]
[EventCountry "ITA"]
[SourceTitle "playchess.com"]
[Source "ChessBase"]
[SourceQuality "1"]
[TimeControl "40/5400+30:1800+30"]

1. e4 {[%emt 0:00:30]} c5 {[%emt 0:00:30]} 2. Nf3 {[%emt 0:00:00]} Nc6 {[%emt 0:00:00]} 3. d4 {[%emt 0:00:00]} cxd4 {[%emt 0:00:00]} 4. Nxd4 {[%emt 0:00:30]} Qc7 {[%emt 0:00:00]} 5. Nxc6 {[%emt 0:03:30]} bxc6 {[%emt 0:00:00]} 6. Bd3 {[%emt 0:00:00]} Nf6 {[%emt 0:02:30]} 7. c4 {[%emt 0:03:00]} e5 {[%emt 0:00:30]} 8. O-O Bc5 {[%emt 0:01:30]} 9. Nc3 {[%emt 0:02:00]} d6 {[%emt 0:00:30]} 10. h3 {[%emt 0:00:30]} Be6 {[%emt 0:01:30]} 11. Be3 {[%emt 0:10:30]} Bxe3 {[%emt 0:13:30]} 12. fxe3 {[%emt 0:00:30]} Nd7 {[%emt 0:00:00]} 13. Qe2 {[%emt 0:07:30]} O-O {[%emt 0:00:00]} 14. b3 {[%emt 0:02:30]} Nc5 {[%emt 0:02:30]} 15. Bc2 {[%emt 0:00:00]} Rfb8 {[%emt 0:01:30]} 16. Rfd1 {[%emt 0:10:00]} a5 {[%emt 0:00:30]} 17. Rab1 {[%emt 0:00:30]} Rb7 {[%emt 0:02:30]} 18. Rd2 {[%emt 0:00:30]} Rd8 {[%emt 0:19:30]} 19. Qd1 {[%emt 0:05:30]} h6 {[%emt 0:00:00]} 20. Ne2 {[%emt 0:03:30]} Qe7 {[%emt 0:00:00]} 21. Ng3 {[%emt 0:04:30]} g6 {[%emt 0:00:00]} 22. Kh2 {[%emt 0:00:00]} Kg7 {[%emt 0:00:00]} 23. Qf3 {[%emt 0:09:00]} Qf6 {[%emt 0:00:30]} 24. Rbd1 {[%emt 0:00:30]} Rbd7 {[%emt 0:01:30]} 25. Nh1 {[%emt 0:03:30]} h5 {[%emt 0:19:30]} 26. Nf2 {[%emt 0:00:30]} Qh4 {[%emt 0:00:00]} 27. Qg3 {[%emt 0:03:30]} Qxg3+ {[%emt 0:00:00]} 28. Kxg3 {[%emt 0:00:00]} Kf6 {[%emt 0:00:00]} 29. Kf3 Ke7 {[%emt 0:00:00]} 30. Ke2 {[%emt 0:04:30]} a4 {[%emt 0:00:00]} 31. b4 {[%emt 0:02:30]} Bxc4+ {[%emt 0:00:00]} 32. Ke1 {[%emt 0:00:30]} Na6 33. Bxa4 {[%emt 0:00:30]} Nxb4 {[%emt 0:00:00]} 34. Rb2 {[%emt 0:00:00]} Rb8 {[%emt 0:00:00]} 35. Rdb1 {[%emt 0:04:00]} Rdb7 {[%emt 0:00:00]} 36. Kd2 {[%emt 0:00:30]} Bxa2 {[%emt 0:00:00]} 37. Bxc6 {[%emt 0:07:49]} Rb6 38. Ra1 {[%emt 0:01:05]} Be6 {[%emt 0:00:00]} 39. Ra7+ {[%emt 0:00:00]} Kf6 {[%emt 0:00:00]} 40. Ba4 {[%emt 0:03:39]} h4 {[%emt 0:04:30]} 41. Bd1 {[%emt 0:32:02]} Nc6 {[%emt 0:00:00]} 42. Rxb6 {[%emt 0:01:14]} Rxb6 {[%emt 0:31:00]} 43. Rc7 {[%emt 0:01:10]} Rb2+ {[%emt 0:00:30]} 44. Bc2 Nb4 {[%emt 0:03:30]} 45. Kc1 {[%emt 0:05:09]} Ra2 {[%emt 0:29:41]} 46. Kb1 {[%emt 0:01:03]} Kg5 {[%emt 0:00:00]} 47. Nd1 {[%emt 0:00:00]} f5 {[%emt 0:00:00]} 48. Nb2 {[%emt 0:02:13]} Ra3 {[%emt 0:00:00]} 49. Nd1 {[%emt 0:02:03]} Nxc2 {[%emt 0:00:00]} 50. Rxc2 {[%emt 0:00:00]} Rd3 51. Kc1 {[%emt 0:00:00]} Rxd1+ {[%emt 0:00:00]} 52. Kxd1 {[%emt 0:00:00]} Bb3 {[%emt 0:00:00]} 53. Kd2 {[%emt 0:00:00]} Bxc2 {[%emt 0:00:00]} 54. Kxc2 {[%emt 0:00:00]} fxe4 {[%emt 0:00:00]} 0-1

[Event "41st Arco Open 2019"]
[Site "Arco"]
[Date "2019.10.11"]
[Round "8"]
[White "Petrov, Nikita"]
[Black "Halkias, Stelios"]
[Result "1/2-1/2"]
[WhiteElo "2586"]
[BlackElo "2530"]
[Annotator "TA"]
[PlyCount "102"]
[EventDate "2019.10.04"]
[EventType "swiss"]
[EventCountry "ITA"]
[SourceTitle "playchess.com"]
[Source "ChessBase"]
[SourceQuality "1"]

{[%evp 19,102,0,0,0,26,21,21,28,26,19,23,27,22,18,20,18,20,20,25,19,15,12,18,16,23,20,14,18,18,11,25,17,22,25,23,9,52,50,52,52,63,58,66,44,40,24,31,24,24,24,24,20,75,72,86,67,67,66,69,95,227,111,128,131,120,99,91,94,87,42,46,44,80,37,100,0,0,0,0,0,0,0,0,0,0]} 1. e4 c5 2. Nf3 Nc6 3. Bb5 g6 4. O-O Bg7 5. c3 Nf6 6. Re1 O-O 7. d4 cxd4 8. cxd4 d5 9. e5 Ne4 10. Bxc6 bxc6 11. Be3 {B31: Sicilian: 2...Nc6 3 Bb5 g6} Rb8 $146 ({Predecessor:} 11... f6 12. exf6 exf6 13. Nbd2 g5 14. Rc1 Bd7 15. Qc2 Re8 16. Nb3 Rc8 17. Nfd2 f5 {0-1 (51) Kosintseva,T (2483)-Hou,Y (2673) Beijing 2014}) 12. Qc1 Qb6 13. b3 f6 14. Nc3 Nxc3 15. Qxc3 Bg4 16. exf6 exf6 17. Bf4 Rbc8 18. Bd6 Rfe8 19. Rxe8+ Rxe8 20. Re1 Rxe1+ 21. Qxe1 {Threatening mate with Qe8+.} Qd8 22. Bc5 a6 23. h3 Bc8 24. Qb4 Kf7 25. Qb8 Qd7 26. Ne1 Qb7 27. Qf4 g5 28. Qf3 {White threatens Qh5+ and mate.} Kg6 29. Qe2 Qd7 30. Nc2 h5 31. Nb4 a5 32. Nc2 (32. Qc2+ {feels hotter.} Kf7 33. Nd3 Qe6 34. Qd1 g4 35. Bb6) 32... Qe6 33. Qxe6 Bxe6 $14 {[%mdl 4096] Endgame KBB-KBN} 34. a4 Bf5 $1 {[%cal Rf5c2]} 35. Ne1 Bc8 {[#]} (35... g4 $11 {remains equal.}) 36. Bb6 $1 $16 f5 37. Nc2 f4 {Black wants to play ...Bf5.} 38. Bxa5 Bf5 39. Nb4 c5 (39... Bxd4 $16 40. Nxc6 Bf6) 40. Nxd5 (40. dxc5 $18 {and the rest is easy.} Bc3 41. Nc6 (41. Nxd5 Bxa5 42. b4 Be6 $11) 41... Bxa5 42. Nxa5) 40... Bc2 41. dxc5 {Threatens to win with c6.} Bxb3 42. Nb6 Bd4 43. Bb4 {Strongly threatening a5.} g4 {next ...g3 is good for Black.} 44. hxg4 hxg4 {With the idea ...g3.} 45. Kf1 {Hoping for a5.} Bc2 46. a5 {Ke2 is the strong threat.} Be4 {[#]} (46... Kf5 $14) 47. g3 (47. Nc8 $1 $16) 47... Bb7 $11 {The position is equal.} 48. Na4 {And now Bc3 would win.} fxg3 49. fxg3 Kf5 50. Bc3 Be3 51. Be1 Ke5 {Accuracy: White = 75%, Black = 64%.} 1/2-1/2

[Event "41st Arco Open 2019"]
[Site "Arco"]
[Date "2019.10.11"]
[Round "8"]
[White "Okhotnik, Vladimir"]
[Black "Schulz, Michael"]
[Result "1-0"]
[WhiteElo "2352"]
[BlackElo "2174"]
[Annotator "NA"]
[PlyCount "49"]
[EventDate "2019.10.04"]
[EventType "swiss"]
[EventCountry "ITA"]
[SourceTitle "playchess.com"]
[Source "ChessBase"]
[SourceQuality "1"]
[TimeControl "40/5400+30:1800+30"]

1. e4 {[%emt 0:00:30]} g6 {[%emt 0:01:30]} 2. d4 {[%emt 0:00:30]} Bg7 {[%emt 0:00:00]} 3. Nf3 {[%emt 0:00:30]} c6 {[%emt 0:01:00]} 4. Nc3 {[%emt 0:00:30]} d5 5. Bf4 {[%emt 0:00:30]} a6 {[%emt 0:01:00]} 6. Qd2 {[%emt 0:00:30]} dxe4 {[%emt 0:00:30]} 7. Nxe4 {[%emt 0:00:30]} Nd7 {[%emt 0:00:30]} 8. O-O-O Ngf6 {[%emt 0:01:30]} 9. Ng3 {[%emt 0:07:00]} h5 {[%emt 0:02:30]} 10. h4 {[%emt 0:02:30]} b5 {[%emt 0:03:30]} 11. Bd3 {[%emt 0:03:30]} Nd5 {[%emt 0:04:30]} 12. Bg5 {[%emt 0:00:30]} N7b6 {[%emt 0:05:30]} 13. Ne5 {[%emt 0:01:30]} Bxe5 {[%emt 0:00:30]} 14. dxe5 {[%emt 0:00:30]} Be6 {[%emt 0:13:30]} 15. Ne4 Qc8 {[%emt 0:10:30]} 16. Nc5 {[%emt 0:04:00]} Nc4 {[%emt 0:03:30]} 17. Qe2 {[%emt 0:06:30]} Nb4 {[%emt 0:03:30]} 18. Bxc4 {[%emt 0:06:30]} Bxc4 19. Qd2 {[%emt 0:05:30]} Nxa2+ {[%emt 0:04:00]} 20. Kb1 {[%emt 0:24:30]} b4 {[%emt 0:08:30]} 21. Bxe7 {[%emt 0:00:00]} Bd5 {[%emt 0:06:30]} 22. Bf6 {[%emt 0:00:00]} Rb8 {[%emt 0:02:30]} 23. Nb3 {[%emt 0:00:00]} Bxb3 24. Qd6 {[%emt 0:00:00]} Bxc2+ {[%emt 0:03:00]} 25. Ka1 {[%emt 0:00:00]} 1-0

[Event "41st Arco Open 2019"]
[Site "Arco"]
[Date "2019.10.11"]
[Round "8"]
[White "Bifulco, Michel"]
[Black "Perman, Sergey"]
[Result "1/2-1/2"]
[WhiteElo "2261"]
[BlackElo "2129"]
[Annotator "NA"]
[PlyCount "32"]
[EventDate "2019.10.04"]
[EventType "swiss"]
[EventCountry "ITA"]
[SourceTitle "playchess.com"]
[Source "ChessBase"]
[SourceQuality "1"]
[TimeControl "40/5400+30:1800+30"]

1. d4 {[%emt 0:00:30]} Nf6 {[%emt 0:00:30]} 2. g3 {[%emt 0:00:00]} g6 {[%emt 0:00:00]} 3. Bg2 {[%emt 0:00:00]} Bg7 {[%emt 0:00:00]} 4. e4 {[%emt 0:00:00]} d6 5. Nc3 {[%emt 0:00:00]} O-O {[%emt 0:00:00]} 6. Nge2 c6 {[%emt 0:00:30]} 7. a4 {[%emt 0:00:00]} Na6 {[%emt 0:05:30]} 8. h3 {[%emt 0:16:30]} Nb4 {[%emt 0:10:30]} 9. Be3 {[%emt 0:00:00]} a5 {[%emt 0:15:30]} 10. Qd2 {[%emt 0:00:00]} Qc7 {[%emt 0:02:30]} 11. g4 {[%emt 0:00:00]} Rd8 {[%emt 0:21:30]} 12. Ng3 {[%emt 0:00:00]} e5 {[%emt 0:07:30]} 13. f4 {[%emt 0:00:00]} Nxg4 {[%emt 0:00:00]} 14. hxg4 {[%emt 0:04:00]} exd4 {[%emt 0:07:00]} 15. Bf2 {[%emt 0:00:30]} dxc3 {[%emt 0:00:30]} 16. bxc3 {[%emt 0:00:30]} Bxg4 {[%emt 0:02:30]} 1/2-1/2

[Event "41st Arco Open 2019"]
[Site "Arco"]
[Date "2019.10.11"]
[Round "8"]
[White "Curien, Nicolas"]
[Black "Lezzerini, Marco"]
[Result "1-0"]
[WhiteElo "2261"]
[BlackElo "2116"]
[Annotator "NA"]
[PlyCount "119"]
[EventDate "2019.10.04"]
[EventType "swiss"]
[EventCountry "ITA"]
[SourceTitle "playchess.com"]
[Source "ChessBase"]
[SourceQuality "1"]
[TimeControl "40/5400+30:1800+30"]

1. d4 {[%emt 0:00:30]} e6 {[%emt 0:00:30]} 2. e4 {[%emt 0:00:30]} d5 {[%emt 0:00:00]} 3. Nc3 {[%emt 0:00:00]} Nf6 {[%emt 0:00:00]} 4. e5 {[%emt 0:01:00]} Nfd7 {[%emt 0:00:00]} 5. f4 {[%emt 0:00:00]} c5 {[%emt 0:01:00]} 6. Nf3 Nc6 {[%emt 0:54:30]} 7. Be3 {[%emt 0:00:30]} cxd4 {[%emt 0:00:00]} 8. Nxd4 Bc5 {[%emt 0:00:00]} 9. Qd2 {[%emt 0:02:00]} O-O {[%emt 0:00:00]} 10. O-O-O {[%emt 0:06:30]} a6 {[%emt 0:00:00]} 11. Qf2 {[%emt 0:11:30]} Bxd4 12. Bxd4 {[%emt 0:00:00]} b5 {[%emt 0:00:00]} 13. Bd3 {[%emt 0:00:00]} b4 {[%emt 0:00:00]} 14. Ne2 {[%emt 0:05:30]} a5 {[%emt 0:00:00]} 15. Kb1 {[%emt 0:05:30]} a4 {[%emt 0:00:00]} 16. f5 {[%emt 0:11:30]} Ndxe5 17. Bc5 {[%emt 0:02:30]} Re8 {[%emt 0:00:00]} 18. fxe6 {[%emt 0:01:30]} Bxe6 19. Nd4 {[%emt 0:02:30]} Nxd4 {[%emt 0:00:00]} 20. Bxd4 {[%emt 0:11:30]} Nc6 {[%emt 0:07:00]} 21. Bb5 {[%emt 0:00:00]} Qc7 {[%emt 0:06:30]} 22. Bxc6 {[%emt 0:00:00]} Qxc6 {[%emt 0:00:00]} 23. Qg3 {[%emt 0:02:30]} f6 {[%emt 0:00:00]} 24. Rhf1 {[%emt 0:03:30]} b3 {[%emt 0:15:00]} 25. cxb3 Bf7 26. Rxf6 {[%emt 0:11:00]} Qd7 {[%emt 0:05:20]} 27. Qxg7+ {[%emt 0:00:30]} Kxg7 {[%emt 0:00:04]} 28. Rd6+ {[%emt 0:10:52]} Kg8 {[%emt 0:00:30]} 29. Rxd7 {[%emt 0:00:06]} axb3 {[%emt 0:00:00]} 30. a3 {[%emt 0:00:30]} Rad8 {[%emt 0:01:15]} 31. Rxd8 {[%emt 0:02:13]} Rxd8 {[%emt 0:00:04]} 32. Kc1 {[%emt 0:01:02]} Bg6 {[%emt 0:02:01]} 33. Kd2 Rc8 {[%emt 0:02:14]} 34. Ke3 {[%emt 0:05:34]} Rc4 {[%emt 0:05:42]} 35. Bc3 {[%emt 0:01:23]} Rxc3+ {[%emt 0:02:09]} 36. bxc3 b2 {[%emt 0:00:04]} 37. Kd4 {[%emt 0:00:34]} Kf7 {[%emt 0:00:00]} 38. Kxd5 {[%emt 0:00:28]} Ke7 {[%emt 0:02:05]} 39. a4 {[%emt 0:03:35]} Kd7 {[%emt 0:00:49]} 40. g4 {[%emt 0:00:00]} Bc2 {[%emt 0:00:00]} 41. Re1 {[%emt 0:02:43]} Kc7 {[%emt 0:06:43]} 42. c4 {[%emt 0:08:30]} b1=Q {[%emt 0:00:30]} 43. Rxb1 {[%emt 0:00:00]} Bxb1 {[%emt 0:00:30]} 44. h4 Bc2 {[%emt 0:00:00]} 45. a5 {[%emt 0:02:30]} Bb1 {[%emt 0:05:00]} 46. g5 {[%emt 0:00:30]} Bg6 {[%emt 0:11:14]} 47. c5 {[%emt 0:00:30]} Bf7+ 48. Ke5 {[%emt 0:00:30]} Bc4 {[%emt 0:00:12]} 49. Kf6 Kc6 {[%emt 0:00:33]} 50. h5 {[%emt 0:03:48]} Bd3 {[%emt 0:02:16]} 51. a6 {[%emt 0:08:27]} Bxa6 {[%emt 0:07:13]} 52. g6 {[%emt 0:06:54]} hxg6 {[%emt 0:00:11]} 53. h6 {[%emt 0:00:00]} g5 {[%emt 0:00:00]} 54. h7 {[%emt 0:00:00]} g4 {[%emt 0:00:30]} 55. h8=Q {[%emt 0:00:33]} Kxc5 {[%emt 0:00:03]} 56. Qh5+ {[%emt 0:00:00]} Kb4 {[%emt 0:00:00]} 57. Qxg4+ {[%emt 0:00:00]} Bc4 {[%emt 0:00:00]} 58. Ke5 {[%emt 0:01:06]} Kc3 {[%emt 0:01:06]} 59. Qd4+ {[%emt 0:00:00]} Kb3 {[%emt 0:00:00]} 60. Qd2 {[%emt 0:00:00]} 1-0